Statistics for What Words can You Make: Colorado

Click here to take the quiz!

General Stats

  • This quiz has been taken 28 times
    (17 since last reset)
  • The average score is 24 of 60

Answer Stats

LettersWord% Correct
3Rad
100%
3Col
92%
5Color
92%
3Coo
85%
4Cool
85%
3Cor
85%
3Ado
77%
4Road
69%
3Car
62%
3Cod
62%
3Dol
62%
4Door
62%
3Dor
62%
3Loo
62%
4Cold
54%
5Drool
54%
3Rod
54%
3Roo
54%
3Cad
46%
4Cord
46%
3Lad
46%
4Load
46%
3Lor
46%
3Arc
38%
4Card
38%
4Clod
38%
4Coal
38%
5Coral
38%
3Lar
38%
4Lord
38%
4Odor
38%
3Orc
38%
4Rood
38%
4Clad
31%
4Coda
31%
4Cola
31%
4Lard
31%
3Roc
31%
4Carl
23%
3Lac
23%
4Loco
23%
3Oar
23%
3Old
23%
3Ora
23%
4Ordo
23%
5Carol
15%
3Dal
15%
5Dolor
15%
4Loca
15%
3Oca
15%
4Orad
15%
4Orca
15%
5Acold
8%
4Acro
8%
4Arco
8%
4Calo
8%
5Claro
8%
3Oda
8%
5Corol
0%
4Oral
0%

Score Distribution

Percentile by Number Answered

Percent of People with Each Score

Your Score History

You have not taken this quiz since the last reset